Essentials of MMPI-2 Assessment / (Record no. 2373)
[ view plain ]
| 000 -LEADER | |
|---|---|
| fixed length control field | 02174cam a2200349 i 4500 |
| 001 - CONTROL NUMBER | |
| control field | 16550760 |
| 003 - CONTROL NUMBER IDENTIFIER | |
| control field | OSt |
| 005 - DATE AND TIME OF LATEST TRANSACTION | |
| control field | 20180117085939.0 |
| 008 - FIXED-LENGTH DATA ELEMENTS--GENERAL INFORMATION | |
| fixed length control field | 101123t20112011nju b 001 0 eng |
| 010 ## - LIBRARY OF CONGRESS CONTROL NUMBER | |
| LC control number | 2010049507 |
| 020 ## - INTERNATIONAL STANDARD BOOK NUMBER | |
| International Standard Book Number | 9780470923238 (pbk.) |
| 040 ## - CATALOGING SOURCE | |
| Original cataloging agency | DLC |
| Language of cataloging | eng |
| Transcribing agency | DLC |
| Description conventions | rda |
| Modifying agency | DLC |
| 042 ## - AUTHENTICATION CODE | |
| Authentication code | pcc |
| 050 00 - LIBRARY OF CONGRESS CALL NUMBER | |
| Classification number | BF698.8.M5 |
| Item number | N53 2011 |
| 082 00 - DEWEY DECIMAL CLASSIFICATION NUMBER | |
| Classification number | 155.2/83 |
| Edition number | 22 |
| 084 ## - OTHER CLASSIFICATION NUMBER | |
| Classification number | PSY007000 |
| Number source | bisacsh |
| 100 1# - MAIN ENTRY--PERSONAL NAME | |
| Personal name | Nichols, David S. |
| Relator term | author. |
| 245 10 - TITLE STATEMENT | |
| Title | Essentials of MMPI-2 Assessment / |
| Statement of responsibility, etc. | David S. Nichols. |
| 250 ## - EDITION STATEMENT | |
| Edition statement | Second edition. |
| 260 ## - PUBLICATION, DISTRIBUTION, ETC. | |
| Place of publication, distribution, etc. | Hoboken, New Jersey : |
| Name of publisher, distributor, etc. | Wiley, |
| Date of publication, distribution, etc. | [2011], ©2011. |
| 300 ## - PHYSICAL DESCRIPTION | |
| Extent | xiv, 386 pages ; |
| Dimensions | 22 cm |
| 490 0# - SERIES STATEMENT | |
| Series statement | Essentials of Psychological Assessment |
| 504 ## - BIBLIOGRAPHY, ETC. NOTE | |
| Bibliography, etc. note | Includes bibliographical references and index. |
| 520 ## - SUMMARY, ETC. | |
| Summary, etc. | "The Minnesota Multiphasic Personality Inventory, Second Edition is used by a broad range of clinicians to assist with the diagnosis of mental disorders and the selection of appropriate treatment methods. To use it properly, professionals need an authoritative source for use of this test. This thoroughly updated and revised second edition of Essentials of MMPI-2 Assessment provides that resource. In addition to comprehensive updates to the research and literature throughout, the new edition will include information on other versions of the test, including the MMPI-2 RC and the MMPI-2-RF. Clinical and school psychologists are provided with information on administering, interpreting, and scoring this most widely used test for assessing personality"-- |
| 650 #0 - SUBJECT ADDED ENTRY--TOPICAL TERM | |
| Topical term or geographic name entry element | Minnesota Mutiphasic Personality Inventory. |
| 650 #7 - SUBJECT ADDED ENTRY--TOPICAL TERM | |
| Topical term or geographic name entry element | PSYCHOLOGY / Clinical Psychology |
| Source of heading or term | bisacsh. |
| 906 ## - LOCAL DATA ELEMENT F, LDF (RLIN) | |
| a | 7 |
| b | cbc |
| c | orignew |
| d | 1 |
| e | ecip |
| f | 20 |
| g | y-gencatlg |
| 942 ## - ADDED ENTRY ELEMENTS (KOHA) | |
| Source of classification or shelving scheme | |
| Koha item type | Book |
| Withdrawn status | Lost status | Source of classification or shelving scheme | Damaged status | Not for loan | Collection code | Permanent Location | Current Location | Shelving location | Date acquired | Total Checkouts | Total Renewals | Full call number | Barcode | Date last seen | Date last checked out | Price effective from | Koha item type |
|---|---|---|---|---|---|---|---|---|---|---|---|---|---|---|---|---|---|
| Central Library (CL) | Central Library (CL) | General Stacks | 06/24/2015 | 3 | 3 | 155.2/83 NIC | S3H-S-246 | 05/21/2021 | 11/25/2020 | 06/24/2015 | Book | ||||||
| Central Library (CL) | Central Library (CL) | General Stacks | 06/24/2015 | 2 | 1 | 155.2/83 NIC | S3H-S-247 | 06/26/2023 | 08/21/2020 | 06/24/2015 | Book |
